000 00448 a2200157 4500
999 _c6484
_d6484
020 _a8172730055
050 _aZ678.9 GOP 2000
100 _aGopal, Krishan
_eauthor
245 _aModern library automation /
_cKrishan Gopal
264 _aDelhi :
_bAuthorspress,
_c2000.
300 _a264p. :
_bill.
500 _aIncludes bibliographical references and index
650 _aLibrary science.
650 _aAutomation.
942 _2lcc
_cBK
_h678.9
_iGOP
_kZ